[Event "Thanet Challengers 50th"]
[Site "Thanet"]
[Date "2019.08.16"]
[Round "1.2"]
[White "Waters, Andrew C"]
[Black "Owens, Trefor H"]
[Result "0-1"]
[WhiteElo "1790"]
[BlackElo "1960"]
[PlyCount "116"]
[EventDate "2019.08.16"]
[EventType "swiss"]
[EventRounds "5"]
[EventCountry "ENG"]
[SourceTitle "BritBase"]
[Source "John saunders"]
[SourceDate "2020.02.25"]
[SourceVersion "1"]
[SourceVersionDate "2019.08.17"]
[SourceQuality "1"]

{[%evp 0,116,44,17,34,-12,-12,-54,-36,-3,-3,-9,31,31,31,-94,-67,-60,-27,-40,-1,
9,39,-15,56,56,56,78,59,71,91,57,98,44,120,99,99,99,147,150,171,140,160,89,101,
71,87,77,109,58,47,-91,-51,-189,-194,-190,-168,-168,-168,-168,-168,-168,-168,
-189,-140,-118,-111,-176,-171,-142,-68,-50,-73,-154,-155,-161,-174,-324,-377,
-394,-407,-464,-303,-410,-360,-371,-413,-577,-577,-29977,-577,-577,-577,-29977,
-577,-577,-544,-757,-451,-451,-488,-507,-472,-837,-837,-898,-837,-837,-845,
-835,-846,-846,-873,-29987,-29988,-29989,-829,-29991,-29992]} 1. e4 e6 2. b3 d5
3. Bb2 Nf6 4. e5 Nfd7 5. f4 c5 6. Nf3 Nc6 7. d4 cxd4 8. Nxd4 Bc5 9. c3 Nxd4 10.
cxd4 Bb4+ 11. Nc3 O-O 12. a3 Be7 13. Bd3 f5 14. O-O a6 15. Rc1 Kh8 16. Ne2 g5
17. fxg5 Bxg5 18. Nf4 Bxf4 19. Rxf4 Qg5 20. Qf3 Rg8 21. h4 Qg7 22. Kf2 Nf8 23.
h5 Qg5 24. Rc7 Bd7 25. Rc2 Be8 26. g4 Bxh5 27. Bc1 Qh4+ 28. Qg3 Qxg3+ 29. Kxg3
Bxg4 30. Kh2 Ng6 31. Rff2 Rac8 32. Bg5 h5 33. Bf6+ Kh7 34. b4 Nh8 35. b5 axb5
36. Rb2 Rc3 37. Rfd2 Ng6 38. Rxb5 Nf4 39. Rxb7+ Kh6 40. Bf1 Be2 41. Rxe2 Nxe2
42. Bxe2 Rc2 43. Re7 Rxe2+ 44. Kh3 Re3+ 45. Kh2 Re2+ 46. Kh3 Re3+ 47. Kh2 Rb8
48. Bh4 Rb2+ 49. Kg1 Rb6 50. a4 Ra3 51. Re8 Rb1+ 52. Kg2 Rb2+ 53. Kf1 Ra1+ 54.
Be1 Rbb1 55. Rxe6+ Kg5 56. Rd6 Rxe1+ 57. Kf2 Re4 58. e6 Ra2+ 0-1

[Event "Thanet Challengers 50th"]
[Site "Thanet"]
[Date "2019.08.16"]
[Round "1.3"]
[White "Taylor, Mike"]
[Black "Atherton, John B"]
[Result "1-0"]
[WhiteElo "1885"]
[BlackElo "1862"]
[PlyCount "63"]
[EventDate "2019.08.16"]
[EventType "swiss"]
[EventRounds "5"]
[EventCountry "ENG"]
[SourceTitle "BritBase"]
[Source "John saunders"]
[SourceDate "2020.02.25"]
[SourceVersion "1"]
[SourceVersionDate "2019.08.17"]
[SourceQuality "1"]

1. d4 d5 2. c4 e6 3. Nc3 Nf6 4. cxd5 exd5 5. Bg5 Be7 6. e3 h6 7. Bh4 O-O 8. Bd3
c6 9. Nf3 Nh5 10. Bxe7 Qxe7 11. Qc2 Nf4 12. Bf1 Ng6 13. O-O-O Na6 14. a3 b5 15.
b4 Bg4 16. Bd3 Qf6 17. Rhg1 Nh4 18. h3 Nxf3 19. gxf3 Bxf3 20. Rdf1 Nc7 21. Rg3
a5 22. Rfg1 Ne6 23. Bf5 axb4 24. Rxf3 Kh8 25. axb4 Ra1+ 26. Nb1 g6 27. Bg4 Qe7
28. Bxe6 Qxe6 29. Rxg6 Qe4 30. Qxe4 dxe4 31. Rxh6+ Kg7 32. Rff6 1-0

[Event "Thanet Challengers 50th"]
[Site "Thanet"]
[Date "2019.08.16"]
[Round "1.4"]
[White "Mehmet, Zia"]
[Black "Horton, David J"]
[Result "1/2-1/2"]
[WhiteElo "1856"]
[BlackElo "1690"]
[PlyCount "70"]
[EventDate "2019.08.16"]
[EventType "swiss"]
[EventRounds "5"]
[EventCountry "ENG"]
[SourceTitle "BritBase"]
[Source "John saunders"]
[SourceDate "2020.02.25"]
[SourceVersion "1"]
[SourceVersionDate "2019.08.17"]
[SourceQuality "1"]

1. d4 Nf6 2. Bf4 d6 3. e3 c6 4. c3 Bf5 5. Bd3 Bxd3 6. Qxd3 Nbd7 7. Nf3 g6 8.
O-O Bg7 9. h3 O-O 10. e4 Qb6 11. Nbd2 Rad8 12. Qc2 Rfe8 13. Be3 Qc7 14. Rad1 e5
15. dxe5 Nxe5 16. Nxe5 dxe5 17. a4 b6 18. Rfe1 Rd7 19. f3 Red8 20. Nf1 Rxd1 21.
Rxd1 Rd7 22. Rxd7 Qxd7 23. Qd2 Bf8 24. Qxd7 Nxd7 25. a5 f6 26. Kf2 Kf7 27. Ke2
Bc5 28. axb6 axb6 29. b4 Bxe3 30. Nxe3 b5 31. c4 bxc4 32. Nxc4 Ke6 33. Kd3 f5
34. g3 fxe4+ 35. fxe4 Nf6 1/2-1/2

[Event "Thanet Challengers 50th"]
[Site "Thanet"]
[Date "2019.08.16"]
[Round "1.5"]
[White "Quader, Zia"]
[Black "McAllan, Ian"]
[Result "0-1"]
[WhiteElo "2145"]
[BlackElo "1998"]
[PlyCount "50"]
[EventDate "2019.08.16"]
[EventType "swiss"]
[EventRounds "5"]
[EventCountry "ENG"]
[SourceTitle "BritBase"]
[Source "John saunders"]
[SourceDate "2020.02.25"]
[SourceVersion "1"]
[SourceVersionDate "2019.08.17"]
[SourceQuality "1"]

1. e4 e6 2. d4 d5 3. e5 c5 4. c3 Nc6 5. Nf3 Bd7 6. Be2 f6 7. O-O Qc7 8. Bf4 Qb6
9. Qd2 g5 10. Bg3 g4 11. dxc5 Bxc5 12. Ne1 Nxe5 13. Bxe5 fxe5 14. b4 Bd6 15. a4
Nf6 16. Qg5 Kf7 17. Nd3 e4 18. Ne5+ Bxe5 19. Qxe5 Rac8 20. Bxg4 Qc7 21. Bh5+
Ke7 22. Qg5 Rhg8 23. Qh4 Qe5 24. Be2 Qg5 25. Qxg5 Rxg5 {scoresheet
indecipherable} 0-1

[Event "Thanet Challengers 50th"]
[Site "Thanet"]
[Date "2019.08.16"]
[Round "1.6"]
[White "Pinch, David"]
[Black "Smyth, Kevin"]
[Result "0-1"]
[WhiteElo "1646"]
[BlackElo "1915"]
[PlyCount "80"]
[EventDate "2019.08.16"]
[EventType "swiss"]
[EventRounds "5"]
[EventCountry "ENG"]
[SourceTitle "BritBase"]
[Source "John saunders"]
[SourceDate "2020.02.25"]
[SourceVersion "1"]
[SourceVersionDate "2019.08.17"]
[SourceQuality "1"]

1. d4 e6 2. c4 b6 3. Nf3 Bb7 4. g3 f5 5. Bg2 Nf6 6. O-O Be7 7. Nc3 Ne4 8. Qc2
Nxc3 9. bxc3 O-O 10. a4 d6 11. Rd1 Be4 12. Qa2 Nd7 13. Nd2 Bxg2 14. Kxg2 c5 15.
Nf3 g5 16. e3 Qe8 17. Rh1 e5 18. Qe2 Qg6 19. Bd2 Rae8 20. dxe5 g4 21. Ne1 Nxe5
22. Nd3 Nxc4 23. Nf4 Qf7 24. h3 Bg5 25. hxg4 Bxf4 26. gxf4 Qd5+ 27. Kg3 Nxd2
28. Rh5 Ne4+ 29. Kh2 Qd2 30. Qxd2 Nxd2 31. gxf5 Kh8 32. Rd1 Nc4 33. Kg3 Rf7 34.
Kf3 a6 35. Ke2 b5 36. axb5 axb5 37. Rb1 Rb8 38. Rg5 b4 39. Kd3 Na3 40. Ra1 b3
0-1

[Event "Thanet Challengers 50th"]
[Site "Thanet"]
[Date "2019.08.17"]
[Round "2.1"]
[White "Owens, Trefor H"]
[Black "Burns, Patrick"]
[Result "1-0"]
[WhiteElo "1960"]
[BlackElo "1922"]
[PlyCount "39"]
[EventDate "2019.08.16"]
[EventType "swiss"]
[EventRounds "5"]
[EventCountry "ENG"]
[SourceTitle "BritBase"]
[Source "John saunders"]
[SourceDate "2020.02.25"]
[SourceVersion "1"]
[SourceVersionDate "2019.08.17"]
[SourceQuality "1"]

1. d4 Nf6 2. Nc3 d5 3. Bf4 Bf5 4. f3 e6 5. g4 Bg6 6. h4 h6 7. e3 Bd6 8. Nh3 a6
9. Qd2 Nc6 10. O-O-O Qe7 11. Bxd6 Qxd6 12. Nf4 Bh7 13. g5 Nd7 14. e4 Nxd4 15.
Nfxd5 exd5 16. Qxd4 Qf4+ 17. Kb1 O-O-O 18. Qa7 dxe4 19. Bh3 Bf5 20. Nd5 1-0

[Event "Thanet Challengers 50th"]
[Site "Thanet"]
[Date "2019.08.17"]
[Round "2.2"]
[White "Jackson, Paul G"]
[Black "Taylor, Mike"]
[Result "1/2-1/2"]
[WhiteElo "1862"]
[BlackElo "1885"]
[PlyCount "40"]
[EventDate "2019.08.16"]
[EventType "swiss"]
[EventRounds "5"]
[EventCountry "ENG"]
[SourceTitle "BritBase"]
[Source "John saunders"]
[SourceDate "2020.02.25"]
[SourceVersion "1"]
[SourceVersionDate "2019.08.17"]
[SourceQuality "1"]

1. d4 d5 2. c4 e6 3. Nc3 c5 4. cxd5 exd5 5. Nf3 Nc6 6. g3 Nf6 7. Bg2 Be7 8. O-O
O-O 9. Bg5 cxd4 10. Nxd4 h6 11. Be3 Re8 12. Qa4 Na5 13. Rad1 Bd7 14. Qc2 Nc4
15. Nxd5 Nxd5 16. Qxc4 Nxe3 17. fxe3 Bf6 18. Qb3 Qe7 19. e4 Bxd4+ 20. Rxd4 Bc6
1/2-1/2

[Event "Thanet Challengers 50th"]
[Site "Thanet"]
[Date "2019.08.17"]
[Round "2.3"]
[White "Smyth, Kevin"]
[Black "Heath, David R"]
[Result "1/2-1/2"]
[WhiteElo "1915"]
[BlackElo "1877"]
[PlyCount "69"]
[EventDate "2019.08.16"]
[EventType "swiss"]
[EventRounds "5"]
[EventCountry "ENG"]
[SourceTitle "BritBase"]
[Source "John saunders"]
[SourceDate "2020.02.25"]
[SourceVersion "1"]
[SourceVersionDate "2019.08.17"]
[SourceQuality "1"]

1. d4 d5 2. c4 Nc6 3. Nf3 Bg4 4. Nc3 e6 5. cxd5 Bxf3 6. dxc6 Bxc6 7. Bf4 Bd6 8.
Qd2 Nf6 9. f3 O-O 10. Bxd6 Qxd6 11. e4 e5 12. d5 Bd7 13. g4 c6 14. dxc6 Qxd2+
15. Kxd2 Bxc6 16. Ke3 Rfd8 17. Bc4 Rd4 18. Bb3 Rad8 19. Rhd1 Kf8 20. Ne2 Rxd1
21. Rxd1 Rxd1 22. Bxd1 Ke7 23. b4 Ne8 24. Bb3 f6 25. Nc3 Kd6 26. h4 Nc7 27. a4
a6 28. Ne2 Bd7 29. Ng3 g6 30. h5 Be6 31. Bxe6 Nxe6 32. hxg6 hxg6 33. Ne2 b6 34.
Nc3 Nf4 35. Kd2 1/2-1/2

[Event "Thanet Challengers 50th"]
[Site "Thanet"]
[Date "2019.08.17"]
[Round "2.4"]
[White "Harris, Martyn J"]
[Black "Mehmet, Zia"]
[Result "0-1"]
[WhiteElo "1907"]
[BlackElo "1856"]
[PlyCount "104"]
[EventDate "2019.08.16"]
[EventType "swiss"]
[EventRounds "5"]
[EventCountry "ENG"]
[SourceTitle "BritBase"]
[Source "John saunders"]
[SourceDate "2020.02.25"]
[SourceVersion "1"]
[SourceVersionDate "2019.08.17"]
[SourceQuality "1"]

1. Nf3 Nf6 2. c4 c5 3. e3 Nc6 4. b3 d6 5. Be2 b6 6. O-O Bb7 7. Bb2 e6 8. a3 Be7
9. Qc2 O-O 10. Ng5 h6 11. Bxf6 hxg5 12. Bxe7 Qxe7 13. Nc3 Rab8 14. Rad1 Rfd8
15. d4 cxd4 16. exd4 d5 17. cxd5 exd5 18. b4 Qf6 19. Qd2 Qf4 20. Qd3 g4 21. g3
Qg5 22. f4 Qh5 23. f5 Bc8 24. Rf4 Ne7 25. Bxg4 Qh6 26. Re1 Qf6 27. Re5 Bb7 28.
Qe3 Kf8 29. Be2 Rbc8 30. Rh4 Ng8 31. Rh8 Qc6 32. Nd1 Re8 33. f6 Rxe5 34. fxg7+
Kxg7 35. Qxe5+ Qf6 36. Qxf6+ Kxf6 37. Kf2 Kg7 38. Rh5 Nf6 39. Re5 Rc2 40. Ke3
Ra2 41. Re7 Rxa3+ 42. Kf4 Bc8 43. g4 Be6 44. g5 Ne4 45. h4 Nd6 46. Bg4 Kf8 47.
Rxe6 fxe6 48. Bxe6 Rd3 49. Ke5 Rxd1 50. Kxd6 Rxd4 51. Bxd5 a5 52. g6 Rxb4 0-1

[Event "Thanet Challengers 50th"]
[Site "Thanet"]
[Date "2019.08.17"]
[Round "2.5"]
[White "Horton, David J"]
[Black "Waterfield, John W"]
[Result "0-1"]
[WhiteElo "1690"]
[BlackElo "1921"]
[PlyCount "72"]
[EventDate "2019.08.16"]
[EventType "swiss"]
[EventRounds "5"]
[EventCountry "ENG"]
[SourceTitle "BritBase"]
[Source "John saunders"]
[SourceDate "2020.02.25"]
[SourceVersion "1"]
[SourceVersionDate "2019.08.17"]
[SourceQuality "1"]

1. f4 g6 2. Nf3 Bg7 3. g3 Nf6 4. Bg2 d5 5. O-O O-O 6. e3 c5 7. d3 Nc6 8. Nbd2
b6 9. h3 Qc7 10. a3 e5 11. Qe1 Bb7 12. fxe5 Nxe5 13. Nxe5 Qxe5 14. Nf3 Qe7 15.
Bd2 Rfe8 16. Qf2 Nd7 17. Rab1 Rac8 18. Rfe1 Qd8 19. Kh2 Qc7 20. e4 dxe4 21.
dxe4 Ne5 22. Bf4 Nxf3+ 23. Bxf3 Be5 24. Bg2 Bxf4 25. Qxf4 Qxf4 26. gxf4 {(=)}
Rcd8 27. Re2 Rd4 28. Rbe1 Ba6 29. Rf2 Red8 30. Re3 Rd2 31. Ref3 Bb7 32. Rxd2
Rxd2 33. Re3 Rxc2 34. b3 f5 35. Kg3 Kf7 36. Bf3 Bxe4 0-1

[Event "Thanet Challengers 50th"]
[Site "Thanet"]
[Date "2019.08.17"]
[Round "2.6"]
[White "Pinch, David"]
[Black "Quader, Zia"]
[Result "0-1"]
[WhiteElo "1646"]
[BlackElo "2145"]
[PlyCount "60"]
[EventDate "2019.08.16"]
[EventType "swiss"]
[EventRounds "5"]
[EventCountry "ENG"]
[SourceTitle "BritBase"]
[Source "John saunders"]
[SourceDate "2020.02.25"]
[SourceVersion "1"]
[SourceVersionDate "2019.08.17"]
[SourceQuality "1"]

1. d4 Nf6 2. c4 e6 3. Nf3 b6 4. g3 Bb7 5. Bg2 Be7 6. O-O O-O 7. Nc3 d5 8. cxd5
Nxd5 9. Nxd5 Bxd5 10. Qc2 Nc6 11. Rd1 Nb4 12. Qb1 f5 13. Ne5 Bxg2 14. Kxg2 Qd5+
15. Kg1 c5 16. Be3 cxd4 17. Bxd4 f4 18. Bc3 Qb5 19. Bxb4 fxg3 20. hxg3 Bxb4 21.
Qe4 Rad8 22. Nd3 Bc5 23. Qxe6+ Kh8 24. Nxc5 Qxc5 25. Rxd8 Qxf2+ 26. Kh1 Rxd8
27. Qe7 Rf8 28. Rd1 h6 29. Rd7 Qf1+ 30. Kh2 Rf2# 0-1

[Event "Thanet Challengers 50th"]
[Site "Thanet"]
[Date "2019.08.17"]
[Round "2.8"]
[White "Atherton, John B"]
[Black "Peters, Stephen G"]
[Result "1/2-1/2"]
[WhiteElo "1862"]
[BlackElo "2027"]
[PlyCount "105"]
[EventDate "2019.08.16"]
[EventType "swiss"]
[EventRounds "5"]
[EventCountry "ENG"]
[SourceTitle "BritBase"]
[Source "John saunders"]
[SourceDate "2020.02.25"]
[SourceVersion "1"]
[SourceVersionDate "2019.08.17"]
[SourceQuality "1"]

1. d4 Nf6 2. c4 g6 3. Nc3 Bg7 4. e4 d6 5. f4 O-O 6. Nf3 Bg4 7. Be2 Nbd7 8. e5
Ne8 9. O-O c5 10. dxc5 dxe5 11. Nxe5 Bxe2 12. Qxe2 Nxe5 13. fxe5 Qd4+ 14. Kh1
Qxe5 15. Qxe5 Bxe5 16. Bg5 f6 17. Bh6 Ng7 18. Nd5 e6 19. Nf4 Rfe8 20. Bxg7 Kxg7
21. Rad1 Kf7 22. g3 Rad8 23. b4 g5 24. Nd3 Bc7 25. b5 Rd4 26. b6 axb6 27. cxb6
Bxb6 28. Rb1 Rxd3 29. Rxb6 Re7 30. Rfb1 Rdd7 31. a4 Rc7 32. a5 Rxc4 33. Rxb7
Ra4 34. Rxe7+ Kxe7 35. Rb7+ Kd6 36. Rxh7 Rxa5 37. h4 gxh4 38. gxh4 e5 39. Kg2
e4 40. Kf2 Ke5 41. h5 Kf4 42. Rf7 Ra2+ 43. Kf1 f5 44. h6 Rh2 45. h7 e3 46. Kg1
Rh5 47. Kf1 Kg5 48. Ke2 f4 49. Kf3 Rh3+ 50. Kg2 Rh6 51. Kf3 Rh3+ 52. Kg2 Rh6
53. Kf3 1/2-1/2

[Event "Thanet Challengers 50th"]
[Site "Thanet"]
[Date "2019.08.17"]
[Round "3.1"]
[White "Taylor, Mike"]
[Black "Owens, Trefor H"]
[Result "1-0"]
[WhiteElo "1885"]
[BlackElo "1960"]
[PlyCount "83"]
[EventDate "2019.08.16"]
[EventType "swiss"]
[EventRounds "5"]
[EventCountry "ENG"]
[SourceTitle "BritBase"]
[Source "John saunders"]
[SourceDate "2020.02.25"]
[SourceVersion "1"]
[SourceVersionDate "2019.08.17"]
[SourceQuality "1"]

1. d4 Nf6 2. c4 e5 3. dxe5 Ne4 4. a3 d6 5. Nf3 Nc6 6. e3 Bg4 7. Be2 Nxe5 8.
Nxe5 Bxe2 9. Qa4+ c6 10. Nxc6 Qd7 11. Kxe2 bxc6 12. f3 Nc5 13. Qc2 a5 14. b3
Rb8 15. Nd2 Be7 16. Bb2 O-O 17. Rhd1 Rfe8 18. b4 Ne6 19. Ne4 axb4 20. axb4 d5
21. cxd5 cxd5 22. Ra5 Bxb4 23. Raxd5 Qc8 24. Qxc8 Rbxc8 25. Rc1 Rxc1 26. Bxc1
Rc8 27. Bd2 Bxd2 28. Rxd2 Kf8 29. Ra2 Ke7 30. Ra7+ Rc7 31. Rxc7+ Nxc7 32. g4 g6
33. h4 f5 34. gxf5 gxf5 35. Ng3 Kf6 36. Nh5+ Kg6 37. Nf4+ Kf6 38. Kd3 Nb5 39.
Kc4 Nd6+ 40. Kd5 Nb5 41. Kc5 Nc3 42. Nd5+ 1-0

[Event "Thanet Challengers 50th"]
[Site "Thanet"]
[Date "2019.08.17"]
[Round "3.2"]
[White "McAllan, Ian"]
[Black "Smyth, Kevin"]
[Result "1/2-1/2"]
[WhiteElo "1998"]
[BlackElo "1915"]
[PlyCount "96"]
[EventDate "2019.08.16"]
[EventType "swiss"]
[EventRounds "5"]
[EventCountry "ENG"]
[SourceTitle "BritBase"]
[Source "John saunders"]
[SourceDate "2020.02.25"]
[SourceVersion "1"]
[SourceVersionDate "2019.08.17"]
[SourceQuality "1"]

1. e4 e6 2. d4 c5 3. c3 d5 4. exd5 exd5 5. Nf3 Bd6 6. Bb5+ Nc6 7. dxc5 Bxc5 8.
O-O Nge7 9. Nbd2 O-O 10. Nb3 Bb6 11. Nbd4 Qd6 12. Be3 Bc7 13. g3 Ng6 14. Bd3 a6
15. Nf5 Qd8 16. Re1 Nge5 17. Nxe5 Nxe5 18. Bd4 Qf6 19. f4 Bxf5 20. Bxe5 Bxe5
21. Bxf5 Bxc3 22. Bxh7+ Kxh7 23. Qd3+ g6 24. bxc3 Rac8 25. Re5 Rc7 26. Rae1
Rfc8 27. Qd4 Kg7 28. Rxd5 Rxc3 29. Qxf6+ Kxf6 30. Rd6+ Kf5 31. Re2 Rc2 32. Rdd2
Rxd2 33. Rxd2 b5 34. Kf2 b4 35. Ke3 Rb8 36. Kf3 Rb6 37. g4+ Ke6 38. h4 a5 39.
h5 gxh5 40. gxh5 Kf6 41. Rg2 Rb8 42. Rg5 a4 43. h6 b3 44. axb3 axb3 45. h7 Rh8
46. Rh5 Kg7 47. Rb5 Rxh7 48. Kg3 Rh6 1/2-1/2

[Event "Thanet Challengers 50th"]
[Site "Thanet"]
[Date "2019.08.17"]
[Round "3.3"]
[White "Heath, David R"]
[Black "Jackson, Paul G"]
[Result "1/2-1/2"]
[WhiteElo "1877"]
[BlackElo "1862"]
[PlyCount "63"]
[EventDate "2019.08.16"]
[EventType "swiss"]
[EventRounds "5"]
[EventCountry "ENG"]
[SourceTitle "BritBase"]
[Source "John saunders"]
[SourceDate "2020.02.25"]
[SourceVersion "1"]
[SourceVersionDate "2019.08.17"]
[SourceQuality "1"]

{[%evp 0,63,16,33,27,0,20,13,21,12,2,8,2,9,34,15,21,30,30,29,49,-10,2,20,21,27,
11,23,24,12,29,-9,7,5,-11,-14,-8,-11,-5,-5,-5,-1,2,0,23,5,-8,-1,8,-8,0,-18,-7,
-23,-21,-24,-30,-42,-41,-37,-36,-30,-27,-39,-23,-41]} 1. d4 e6 2. Nc3 d5 3. Bf4
Bd6 4. e3 Bxf4 5. exf4 Nf6 6. Nf3 Nbd7 7. Bd3 a6 8. O-O O-O 9. Re1 c5 10. Bf1
cxd4 11. Qxd4 Qb6 12. Qxb6 Nxb6 13. Ne5 Bd7 14. Rad1 Rfd8 15. Bd3 g6 16. f3
Rac8 17. Ne2 Na4 18. Rb1 Nc5 19. Nd4 Nxd3 20. Nxd3 Bb5 21. Ne5 Ne8 22. c3 Nd6
23. Kf2 Rc7 24. Ng4 Rdc8 25. Ne3 a5 26. Nxb5 Nxb5 27. Red1 Nd6 28. Rd4 b5 29.
a3 Nc4 30. Nc2 Kf8 31. g4 Nd6 32. Ne3 1/2-1/2

[Event "Thanet Challengers 50th"]
[Site "Thanet"]
[Date "2019.08.17"]
[Round "3.4"]
[White "Mehmet, Zia"]
[Black "Quader, Zia"]
[Result "0-1"]
[WhiteElo "1856"]
[BlackElo "2145"]
[PlyCount "141"]
[EventDate "2019.08.16"]
[EventType "swiss"]
[EventRounds "5"]
[EventCountry "ENG"]
[SourceTitle "BritBase"]
[Source "John saunders"]
[SourceDate "2020.02.25"]
[SourceVersion "1"]
[SourceVersionDate "2019.08.17"]
[SourceQuality "1"]

1. d4 Nf6 2. Bf4 b6 3. c4 Bb7 4. Nc3 e6 5. e3 Bb4 6. Nf3 O-O 7. Be2 d6 8. O-O
Bxc3 9. bxc3 Nbd7 10. Bg5 Qe8 11. Nd2 Ne4 12. Nxe4 Bxe4 13. f3 Bb7 14. e4 f6
15. Be3 f5 16. Qc2 fxe4 17. fxe4 Qg6 18. Bd3 e5 19. d5 Nf6 20. Kh1 Bc8 21. Rae1
Bd7 22. Bg1 a5 23. a3 Nh5 24. Be3 Nf6 25. Bc1 Qh5 26. Be3 Ng4 27. Bg1 Qh4 28.
Qd2 Rxf1 29. Rxf1 Rf8 30. Rxf8+ Kxf8 31. Bc2 Ke7 32. Bd1 Nf6 33. Bf3 Bg4 34.
Bf2 Qh5 35. Qe3 {(=)} Bxf3 36. gxf3 h6 37. Bg3 Qh3 38. Qf2 Nh5 39. Kg1 g5 40.
Qg2 Qd7 41. Qc2 Qh3 42. Qg2 Qd7 43. Qc2 Kf7 44. Kg2 Kg6 45. Qd1 Nf6 46. h3 h5
47. Qc2 g4 48. hxg4 hxg4 49. f4 Qh7 50. fxe5 Qh3+ 51. Kf2 dxe5 52. Qb1 Nd7 53.
Qb5 Qh1 54. Bxe5 Qf3+ 55. Kg1 Nxe5 56. Qe8+ Nf7 57. Qe6+ Kg5 58. Qe7+ Qf6 59.
Qxc7 Ne5 60. d6 Nf3+ 61. Kf2 Qxc3 62. Qe7+ Kf4 63. Qf7+ Kxe4 64. Qg6+ Kf4 65.
Qf7+ Kg5 66. Qe7+ Qf6 67. Qe3+ Kh5 68. Qe7 Qf5 69. Qe8+ Kh6 70. d7 Ne5+ 71. Ke1
0-1

[Event "Thanet Challengers 50th"]
[Site "Thanet"]
[Date "2019.08.17"]
[Round "3.5"]
[White "Waterfield, John W"]
[Black "Harris, Martyn J"]
[Result "1-0"]
[WhiteElo "1921"]
[BlackElo "1907"]
[PlyCount "97"]
[EventDate "2019.08.16"]
[EventType "swiss"]
[EventRounds "5"]
[EventCountry "ENG"]
[SourceTitle "BritBase"]
[Source "John saunders"]
[SourceDate "2020.02.25"]
[SourceVersion "1"]
[SourceVersionDate "2019.08.17"]
[SourceQuality "1"]

1. e4 d5 2. exd5 Nf6 3. d4 Nxd5 4. c4 Nb6 5. Nc3 e5 6. dxe5 Qxd1+ 7. Nxd1 Nc6
8. f4 Be6 9. Ne3 Bb4+ 10. Bd2 Bxd2+ 11. Kxd2 O-O-O+ 12. Kc3 Na4+ 13. Kc2 Nd4+
14. Kc1 Nf5 15. Nxf5 Bxf5 16. Nf3 Nc5 17. b3 h6 18. Kb2 Bd3 19. g3 Be4 20. Be2
g5 21. Rhd1 gxf4 22. gxf4 Rxd1 23. Rxd1 Rg8 24. Rg1 Rxg1 25. Nxg1 Kd7 26. Bg4+
Ke7 27. Kc3 Bb1 28. a3 Ne4+ 29. Kb2 Bd3 30. Be2 Nf2 31. Kc3 Bf5 32. Kd4 c6 33.
b4 Ke6 34. Nf3 Bb1 35. c5 Ba2 36. Nh4 Bd5 37. Ke3 Ne4 38. Bg4+ Ke7 39. Nf5+ Kf8
40. Nxh6 b5 41. Nf5 Nc3 42. Nd4 Nb1 43. Bf3 Nxa3 44. Nxc6 Nc2+ 45. Kf2 Bxc6 46.
Bxc6 Nxb4 47. Bxb5 a6 48. c6 Ke7 49. c7 1-0

[Event "Thanet Challengers 50th"]
[Site "Thanet"]
[Date "2019.08.17"]
[Round "3.6"]
[White "Burns, Patrick"]
[Black "Horton, David J"]
[Result "1-0"]
[WhiteElo "1922"]
[BlackElo "1690"]
[PlyCount "125"]
[EventDate "2019.08.16"]
[EventType "swiss"]
[EventRounds "5"]
[EventCountry "ENG"]
[SourceTitle "BritBase"]
[Source "John saunders"]
[SourceDate "2020.02.25"]
[SourceVersion "1"]
[SourceVersionDate "2019.08.17"]
[SourceQuality "1"]

{[%evp 0,68,21,37,40,39,37,15,15,-17,43,-5,21,17,17,-43,-39,-39,15,17,45,45,45,
-21,-11,-17,32,58,81,0,0,0,78,78,57,57,92,24,11,-19,63,100,115,94,77,100,177,
211,243,249,256,272,389,409,605,359,741,729,964,1086,765,307,335,264,266,264,
267,265,265,265,290]} 1. e4 e5 2. Nf3 Nc6 3. Bc4 Nf6 4. d3 Bc5 5. c3 a6 6. Nbd2
d6 7. Nf1 b5 8. Bb3 Ne7 9. Ng3 c6 10. O-O O-O 11. Nh4 d5 12. Bg5 Ng4 13. h3 f6
14. Bc1 Nxf2 15. Rxf2 Bxf2+ 16. Kxf2 f5 17. exd5 Nxd5 18. Qh5 Be6 19. Kg1 Qd7
20. Nf3 g6 21. Qh4 Qc7 22. Bg5 Rae8 23. Re1 Bc8 24. Bh6 Rf7 25. Rxe5 Rxe5 26.
Nxe5 Re7 27. d4 Bb7 28. Qf6 Re8 29. Bxd5+ cxd5 30. Ne2 Qe7 31. Qxe7 Rxe7 32.
Nf4 a5 33. a3 Re8 34. Nfd3 Ra8 35. Kf2 Bc8 36. Kf3 Ra6 37. h4 Rb6 38. Kf4 Ba6
39. Nd7 Rd6 40. N3e5 Bc8 41. Nc5 Ba6 42. Kg5 Bc8 43. g3 Be6 44. Ncd3 Bf7 45.
Nc5 Be8 46. Ncd3 Rb6 47. Nf4 Rd6 48. Nh3 Rb6 49. Kf4 b4 50. axb4 axb4 51. c4
dxc4 52. Nxc4 Rc6 53. Ne3 Rc1 54. Ng5 Rb1 55. Nd5 Re1 56. Nxb4 Ba4 57. Nd5 Bb3
58. Nf6+ Kh8 59. d5 Re7 60. d6 Ra7 61. d7 Ra8 62. Ke5 f4 63. gxf4 1-0

[Event "Thanet Challengers 50th"]
[Site "Thanet"]
[Date "2019.08.18"]
[Round "4.1"]
[White "Smyth, Kevin"]
[Black "Taylor, Mike"]
[Result "1/2-1/2"]
[WhiteElo "1915"]
[BlackElo "1885"]
[PlyCount "83"]
[EventDate "2019.08.16"]
[EventType "swiss"]
[EventRounds "5"]
[EventCountry "ENG"]
[SourceTitle "BritBase"]
[Source "John saunders"]
[SourceDate "2020.02.25"]
[SourceVersion "1"]
[SourceVersionDate "2019.08.17"]
[SourceQuality "1"]

{[%evp 0,83,14,14,20,0,3,-14,68,82,32,32,14,17,27,-12,14,15,14,28,35,35,24,36,
48,22,30,20,16,16,43,-176,-176,-176,-214,-306,-165,-165,-179,-179,-179,-196,
-157,-231,-99,-160,-40,-87,-117,-117,-129,-140,-168,-186,-183,-204,-171,-160,
-149,-164,-137,-167,-167,-167,-149,-167,-155,-167,-154,-170,-186,-186,-178,
-183,-179,-176,-161,-187,-191,-191,-75,-75,-75,-75,-10,-10]} 1. d4 d5 2. c4 e6
3. Nc3 c5 4. cxd5 exd5 5. Nf3 Nc6 6. g3 Nf6 7. Bg2 Be7 8. O-O O-O 9. dxc5 Bxc5
10. Bg5 d4 11. Bxf6 Qxf6 12. Nd5 Qd8 13. Nd2 Bg4 14. Rc1 d3 15. Nf4 dxe2 16.
Nxe2 Nd4 17. Re1 Nxe2+ 18. Rxe2 Bxe2 19. Qxe2 Re8 20. Ne4 Qb6 21. Qh5 Be3 22.
Rd1 Qh6 23. Qf5 Bb6 24. Nd6 Qe6 25. Qxe6 Rxe6 26. Nxb7 Re2 27. Nc5 Rae8 28. Nd3
Rd8 29. Bf3 Re6 30. Kf1 Red6 31. Be2 g6 32. Ke1 Re6 33. Kf1 Rc6 34. Re1 Rc2 35.
Rd1 Re8 36. Bf3 Bd4 37. Bd5 Ree2 38. Bb3 Rcd2 39. Rc1 Rxf2+ 40. Nxf2 Rxf2+ 41.
Ke1 Bb6 42. Rc2 1/2-1/2